Slaves in the New Testament : (Record no. 8461)

MARC details
000 -LEADER
fixed length control field 01316nam a22002297a 4500
003 - CONTROL NUMBER IDENTIFIER
control field GBCCL
005 - DATE AND TIME OF LATEST TRANSACTION
control field 20241126110651.0
008 - FIXED-LENGTH DATA ELEMENTS--GENERAL INFORMATION
fixed length control field 210222b ||||| |||| 00| 0 eng d
020 ## - INTERNATIONAL STANDARD BOOK NUMBER
International Standard Book Number 0800637720 (hardcover : alk. paper)
020 ## - INTERNATIONAL STANDARD BOOK NUMBER
International Standard Book Number 080063781X (pbk. : alk. paper)
040 ## - CATALOGING SOURCE
Transcribing agency GBC
082 ## - DEWEY DECIMAL CLASSIFICATION NUMBER
Classification number 225.8306362
Item number HAR
100 ## - MAIN ENTRY--PERSONAL NAME
Personal name Harrill, James Albert,
Dates associated with a name 1963-
9 (RLIN) 14832
245 ## - TITLE STATEMENT
Title Slaves in the New Testament :
Remainder of title literary, social, and moral dimensions /
Statement of responsibility, etc. J. Albert Harrill.
260 ## - PUBLICATION, DISTRIBUTION, ETC.
Place of publication, distribution, etc. Minneapolis :
Name of publisher, distributor, etc. Fortress Press,
Date of publication, distribution, etc. c2006.
300 ## - PHYSICAL DESCRIPTION
Extent xiv, 322 p. ;
Other physical details 24 cm.
505 ## - FORMATTED CONTENTS NOTE
Formatted contents note Introduction : imagining slaves -- The slave self : Paul and the discursive "I" -- The slave body : physiognomics and invective against Paul -- The comedy of slavery in story and parable -- Subordinate to another : elite slaves in the agricultural handbooks and the household codes -- The vice of the slave trader -- The domestic enemy : household slaves in early Christian apologies and accounts of martyrdom -- The use of the New Testament in the American slave controversy : a case history in the hermeneutical tension between biblical criticism and Christian moral debate.
650 ## - SUBJECT ADDED ENTRY--TOPICAL TERM
Topical term or geographic name entry element Bible.
Form subdivision New Testament.
9 (RLIN) 7309
650 ## - SUBJECT ADDED ENTRY--TOPICAL TERM
Topical term or geographic name entry element Slavery in the Bible.
9 (RLIN) 14833
650 ## - SUBJECT ADDED ENTRY--TOPICAL TERM
Topical term or geographic name entry element Slavery and the church.
9 (RLIN) 14834
942 ## - ADDED ENTRY ELEMENTS (KOHA)
Source of classification or shelving scheme Dewey Decimal Classification
Koha item type Books
Koha issues (borrowed), all copies 4
Holdings
Withdrawn status Lost status Source of classification or shelving scheme Damaged status Not for loan Home library Current Library Shelving location Date acquired Total checkouts Full call number Barcode Date last seen Date last checked out Copy number Price effective from Koha item type
    Dewey Decimal Classification     GRACE BIBLE COLLEGE GRACE BIBLE COLLEGE Biblical Studies 2021-02-22 7 225.8306362 HAR 020098 2025-09-08 2025-09-01 c.1 2021-02-22 Books
© Grace Bible College Library 2025